1274 1057 1459 1623 1363 1658 1079 1598 1072 1880 1340 1097 1817 1438 1499 1939 1093 1661 1777 1214 1423 1000 1466 1143 1208 1944 1500 1138 1887 1799 1432 1160 1734 1077 1103 1650 1164 1030 1249 1169 1195 1004 1153 1012 1721 1427 1549 1678 1408 1792 1046 1038 1091 1842 1242 1798 1123 1132 1946 1318 1956 1819 1332 1786 1251 1251 1019 1510 1359 1452 1361 1038 1052 1763 1315 1665 1826 1774 1980 1899 1137 1530 1441 1267 1390 1401 1969 1237 1609 1018 1080 1194 1166 1064 1528 1377 1113 1822 1948 BCNSPRNW ULIB Ver.6.0+V

เปลี่ยนเป็นภาษาไทย

Change to English
 แสดงรายละเอียดบรรณานุกรม
  กลับหน้าหลัก

Brief Record : Get Marc (ISO 2709) : E-mail record : QR code < ปิดหน้าต่าง
LEADER : 00000nam 2200000uu 4500
001    13399113708
003     ULIB
008    111219s||||||||th 000 0 tha d
020    ^a9789746521826
050  4 ^aQH581.2^bก768ซ
100 0  ^aเกล็ดแก้ว ด่านวิวัฒน์
245 10 ^aเซลล์ชีววิทยา =^bCell biology /^cเกล็ดแก้ว ด่านวิวัฒน์
246 31 ^aCell biology
250    ^aพิมพ์ครั้งที่ 1
260    ^aกรุงเทพฯ :^bไอกรุ๊ป เพรส,^c2553
300    ^av, 145 หน้า :^bภาพประกอบ. ;^c21 ซม.
650  4 ^aเซลล์
650  4 ^aเซลล์วิทยา
650  4 ^aชีวโมเลกุล
945    ^p185^l0^i030841
945    ^p185^l0^i031328
945    ^p185^l0^i031329
995    ^a เกษร
999    ^aใช้งานได้ทุกระบบ
รายการนี้ยังไม่มีแท็ก
คุณยังไม่ได้ล็อกอิน คุณสามารถมีกิจกรรมร่วมกับเว็บไซต์ได้ แต่ต้องล็อกอินก่อน ::
  ล็อกอิน

รายการสื่อสารสนเทศ

ลำดับที่ ประเภท เลขเรียก/บาร์โค้ด สถานที่ สถานะ
- ไม่พบข้อมูล -

รายการใกล้เคียง
    ผู้แต่ง [เกล็ดแก้ว ด่านวิวัฒน์]

    หัวเรื่อง [เซลล์]
    หัวเรื่อง [เซลล์วิทยา]
    หัวเรื่อง [ชีวโมเลกุล]

BibComment


ยังไม่เคยถูกคอมเมนท์

คอมเมนท์ทรัพยากรรายการนี้
  คอมเมนท์: เซลล์ชีววิทยา C..


 Copyright 2026. Bcnsprnw @Library